1389 1581 1446 1735 1658 1742 1300 1655 1855 1587 1174 1119 1066 1380 1058 1675 1809 1780 1953 1003 1696 1543 1411 1979 1450 1714 1808 1334 1768 1219 1684 1272 1150 1748 1565 1712 1495 1258 1453 1172 1803 1528 1719 1485 1577 1312 1599 1753 1636 1852 1251 1462 1819 1652 1957 1175 1710 1370 1566 1915 1560 1403 1810 1908 1657 1647 1322 1654 1830 1414 1130 1545 1293 1268 1771 1001 1408 1488 1561 1665 1154 1125 1421 1618 1085 1036 1621 1055 1497 1773 1506 1598 1178 1133 1481 1958 1109 1112 1862 BCNSPRNW ULIB Ver.6.0+V

เปลี่ยนเป็นภาษาไทย

Change to English
 แสดงรายละเอียดบรรณานุกรม
  กลับหน้าหลัก

Brief Record : Get Marc (ISO 2709) : E-mail record : QR code < ปิดหน้าต่าง
LEADER : 00000nam 2200000uu 4500
001    13399109377
003     ULIB
008    110331s2550||||th 000 0 tha d
020    9748534707
060 04 W21^bพ685ห 2550 ล.1
100 0  พินิจ ลิ้มสุคนธ์
245 10 หมอปากหมา. เล่ม 1 /^cพินิจ ลิ้มสุคนธ์
250    พิมพ์ครั้งที่13
260    เชียงใหม่ :^bThe Knowledge Center,^c2550
300    154 หน้า :^bภาพประกอบ ;^c21 ซม.
650  7 การแพทย์^vรวมเรื่อง
650  7 ผู้ป่วย^vรวมเรื่อง
945    ^p135^l0^i18126
995    เกษร
999    ^aใช้งานได้ทุกระบบ
รายการนี้ยังไม่มีแท็ก
คุณยังไม่ได้ล็อกอิน คุณสามารถมีกิจกรรมร่วมกับเว็บไซต์ได้ แต่ต้องล็อกอินก่อน ::
  ล็อกอิน

รายการสื่อสารสนเทศ

ลำดับที่ ประเภท เลขเรียก/บาร์โค้ด สถานที่ สถานะ
- ไม่พบข้อมูล -

รายการใกล้เคียง
    ผู้แต่ง [พินิจ ลิ้มสุคนธ์]

BibComment


ยังไม่เคยถูกคอมเมนท์

คอมเมนท์ทรัพยากรรายการนี้
  คอมเมนท์: หมอปากหมา เล่ม 1 ..


 Copyright 2026. Bcnsprnw @Library